000
00327nam a22001337a 4500
008
210303b ||||| |||| 00| 0 eng d
020
_a
9780683092707
041
_a
eng
080
_a
61
100
_a
4
101
_a
SHM
245
_a
Health Promotion and Disease Prevention in clinical Practice
_c
Woolf,H.S
942
_2
udc
_c
BK
999
_c
55617
_d
55617